| 000 | 00570nam a22001817a 4500 | ||
|---|---|---|---|
| 003 | CEME | ||
| 005 | 20210628205008.0 | ||
| 008 | 210222b xxu||||| |||| 00| 0 eng d | ||
| 020 | _a0-8247-9808-2 | ||
| 040 | _c. | ||
| 082 | _a629.234 NAR'Q | ||
| 100 |
_aNaroola, Gurmeet _973266 |
||
| 245 | _aQs-9000 implementation and registraton | ||
| 260 |
_aNEWYORK _bMARCEL DEKKER _c1997 |
||
| 300 | _a252P | ||
| 650 |
_aAUTOMOBILES PARTS DESIGN AND CONSTRUCTION QUALITY CONTROL AUTOMOBILE INDUSTRY AND TRADE UNITED STATES QUALITY CONTROL STANDARDS _973267 |
||
| 942 |
_cBK _2ddc |
||
| 999 |
_c579071 _d579071 |
||